Biggest City on each Philippine Island - Statistics

General Stats
  • This quiz has been taken 19 times
  • The average score is 7 of 22
Answer Stats
Size km2 Island Population City % Correct
109,965 Luzon 23,550,103 Manila
100%
4,468 Cebu 2,648,752 Cebu
89%
97,530 Mindanao 2,114,225 Davao
89%
12,011 Panay 574,028 Iloilo
58%
12,189 Palawan 315,122 Puerto Princesa
58%
3,268 Masbate 104,522 Masbate
47%
13,310 Negros 612,509 Bacolod
42%
869 Jolo 205,136 Jolo
42%
7,368 Leyte 260,702 Tacloban
37%
3,821 Bohol 107,082 Tagbilaran
32%
1,265 Basilan 111,334 Isabela
21%
629 Polillo 32,708 Polillo
21%
1,523 Catanduanes 71,086 Virac
21%
952 Marinduque 37,006 Boac
16%
13,429 Samar 92,143 Calbayog
16%
605 Guimaras 39,502 Jordan
16%
802 Dinagat 28,132 San Jose
16%
10,572 Mindoro 115,350 Calapan
11%
536 Biliran 55,126 Naval
11%
890 Busuanga 26,180 Coron
5%
581 Tawi-Tawi 28,994 Languyan
0%
839 Tablas 30,960 Odiongan
0%
No matching quizzes found
Score Distribution
Percent of People with Each Score
Percentile by Number Answered
Your Score History
You have not taken this quiz